Countries Closest to Guinea-Bissau - 15 Second Sprint - Statistics

General Stats
  • This quiz has been taken 48 times
  • The average score is 7 of 20
Answer Stats
km country % Correct
0 Guinea
95%
0 Senegal
76%
61 Gambia
71%
208 Mali
53%
1511 Niger
50%
249 Sierra Leone
39%
519 Liberia
37%
280 Mauritania
34%
1479 Togo
32%
900 Burkina Faso
29%
1188 Ghana
29%
1832 Nigeria
26%
1586 Benin
21%
758 Cabo Verde
16%
637 Côte d'Ivoire
16%
1668 Morocco
16%
1657 Algeria
11%
1674 Spain
11%
2225 Portugal
8%
921 Western Sahara
8%
No matching quizzes found
Score Distribution
Percent of People with Each Score
Percentile by Number Answered
Your Score History
You have not taken this quiz